| 000 | 00691nam a2200229Ia 4500 | ||
|---|---|---|---|
| 003 | GCL | ||
| 008 | 140319s9999 xx 000 0 ara d | ||
| 040 |
_aGCL / _cGCL |
||
| 082 | 0 | 4 |
_a296.38 _bع ع |
| 100 | 1 | _aعبدالمنعم الحفنى | |
| 245 | 1 | 0 |
_aعالم بلا يهود / _cعبدالمنعم الحفنى |
| 260 |
_a[S.N] : _bدار الرشاد ، _c1992 |
||
| 300 | _a163 ص | ||
| 490 | _a | ||
| 650 | 0 | 4 | _aالمجتمع |
| 650 | 0 | 4 | _aالاحوال الاجتماعية |
| 650 | 0 | 4 | _aالاحوال السياسية |
| 650 | 0 | 4 | _aالمسيحية واليهودية |
| 650 | 0 | 4 | _aاليهود |
| 650 | 0 | 4 | _aالشيوعية واليهودية |
| 942 |
_2ddc _cBK |
||
| 999 |
_c29302 _d29302 |
||